000 00355 a2200121 4500
001 ART_12690
005 20260410161908.0
008 260409a
245 1 0 _aThe social costs of monopoly power
100 1 _aMueller, Dennis C.
700 1 _aCowling, Keith
773 0 _tThe Economic Journal
_g- Vol. 88, NÂș 352 (dic. 1978)
_wREV12512
999 _c26583
_d26583